000 00661nam a22001937a 4500
005 20251108164318.0
008 250721s1994 xx 000 0 ara d
082 1 4 _a382.92/جاب
100 1 _aالجزار، جابر محمد
_eإعداد
245 1 0 _aإتفاقية ماستريخت و آثارها على الإقتصاد المصري /
264 1 _aالقاهرة :
_bالهيئة المصرية العامة للكتاب،
_c1994.
300 _a183ص
490 0 _aالألف كتاب الثاني ؛ 146
650 1 7 _aالإتفاقيات التجارية
650 1 7 _aالإقتصاد
650 1 7 _aمصر
942 _2ddc
_cBK
999 _c9032
_d9032